Influence of friction mixing treatment on microstructure and mechanical characteristics of L63 brass; Перспективы развития фундаментальных наук; Т. 2 : Химия

Detaylı Bibliyografya
Parent link:Перспективы развития фундаментальных наук=Prospects of Fundamental Sciences Development: сборник научных трудов XIX Международной конференции студентов, аспирантов и молодых ученых, г. Томск, 26-29 апреля 2022 г./ Национальный исследовательский Томский политехнический университет (ТПУ) ; под ред. И. А. Курзиной, Г. А. Вороновой.— , 2022
Т. 2 : Химия.— 2022.— [C. 209-211]
Yazar: Sudarikov A. V.
Müşterek Yazar: Национальный исследовательский Томский политехнический университет Инженерная школа новых производственных технологий Отделение машиностроения
Diğer Yazarlar: Cheremnov A. M. (научный руководитель), Chumaevsky A. V., Kolubaev Е. А. Evgeny Aleksandrovich
Özet:Заглавие с экрана
В работе производилось исследование микроструктуры и механических свойств латуни марки Л63 после фрикционной перемешивающей обработки. Показано, что с увеличением количества проходов инструмента, размер зерна в зоне перемешивания уменьшаются за счет высоких пластических деформаций, что приводит к образованию мелкозернистой структуры. Микротвердость сплава Л63 в зоне перемешивания увеличивается на величину до 30% по сравнению с основным металлом. Предел прочности не существенно зависит от количества проходов инструментом вдоль линии обработки, в то время как предел текучести увеличивается на величину до 29%.
Dil:İngilizce
Baskı/Yayın Bilgisi: 2022
Konular:
Online Erişim:http://earchive.tpu.ru/handle/11683/72953
Materyal Türü: Elektronik Kitap Bölümü
KOHA link:https://koha.lib.tpu.ru/cgi-bin/koha/opac-detail.pl?biblionumber=634748

MARC

LEADER 00000naa2a2200000 4500
001 634748
005 20231101133828.0
035 |a (RuTPU)RU\TPU\conf\36566 
035 |a RU\TPU\conf\36564 
090 |a 634748 
100 |a 20220901d2022 k y0rusy50 ba 
101 0 |a eng  |d rus 
102 |a RU 
105 |a y z 100zy 
135 |a drcn ---uucaa 
181 0 |a i  
182 0 |a b 
200 1 |a Influence of friction mixing treatment on microstructure and mechanical characteristics of L63 brass  |d Влияние фрикционной перемешивающей обработки на микроструктуру и механические характеристики латуни марки Л63  |f A. V. Sudarikov, A. M. Cheremnov, A. V. Chumaevsky  |g sci. adv. Е. А. Kolubaev 
203 |a Текст  |c электронный 
230 |a 1 компьютерный файл (pdf; 470 Kb) 
300 |a Заглавие с экрана 
320 |a [Библиогр.: с. 211 (4 назв.)] 
330 |a В работе производилось исследование микроструктуры и механических свойств латуни марки Л63 после фрикционной перемешивающей обработки. Показано, что с увеличением количества проходов инструмента, размер зерна в зоне перемешивания уменьшаются за счет высоких пластических деформаций, что приводит к образованию мелкозернистой структуры. Микротвердость сплава Л63 в зоне перемешивания увеличивается на величину до 30% по сравнению с основным металлом. Предел прочности не существенно зависит от количества проходов инструментом вдоль линии обработки, в то время как предел текучести увеличивается на величину до 29%. 
461 1 |0 (RuTPU)RU\TPU\conf\36478  |t Перспективы развития фундаментальных наук  |l Prospects of Fundamental Sciences Development  |o сборник научных трудов XIX Международной конференции студентов, аспирантов и молодых ученых, г. Томск, 26-29 апреля 2022 г.  |o в 7 т.  |f Национальный исследовательский Томский политехнический университет (ТПУ) ; под ред. И. А. Курзиной, Г. А. Вороновой  |d 2022 
463 1 |0 (RuTPU)RU\TPU\conf\36550  |t Т. 2 : Химия  |v [C. 209-211]  |d 2022 
510 1 |a Влияние фрикционной перемешивающей обработки на микроструктуру и механические характеристики латуни марки Л63  |z rus 
610 1 |a электронный ресурс 
610 1 |a труды учёных ТПУ 
610 1 |a обработка 
610 1 |a микроструктуры 
610 1 |a механические характеристики 
610 1 |a латунь 
610 1 |a микротвердость 
700 1 |a Sudarikov  |b A. V. 
701 1 |a Cheremnov  |b A. M. 
701 1 |a Chumaevsky  |b A. V. 
702 1 |a Kolubaev  |b Е. А.  |c physicist  |c engineer of Tomsk Polytechnic University, Candidate of Physical and Mathematical Sciences  |f 1979-  |g Evgeny Aleksandrovich  |2 stltpush  |4 727 
712 0 2 |a Национальный исследовательский Томский политехнический университет  |b Инженерная школа новых производственных технологий  |b Отделение машиностроения  |h 8881  |2 stltpush  |3 (RuTPU)RU\TPU\col\27843 
801 2 |a RU  |b 63413507  |c 20220908  |g RCR 
856 4 |u http://earchive.tpu.ru/handle/11683/72953 
942 |c BK